000 00463nam a2200181Ia 4500
001 3150
005 20260306144859.0
008 260306t2009||||xx |||||||||||||| ||spa||
041 _aESP
082 _a261.4
_bG84
100 _aGuardini, Romano
_eAUT
245 0 _aCartas sobre la formación de sí mismo:
_bretocadas por Ingeborg Klimmer
260 _c2009
300 _a189 páginas :
_c21 cm.
650 _aGEN
654 _aCHU
942 _cLIB
_dJUS
_fJUS
_2ddc
_n
999 _c3150
_d3150